Sports Quiz

Random Sports or Football Quiz

Athlete By Sports Card II Quiz Stats

Quiz Updated Mar 1, 2015

Challenge
Share
Tweet
Score 0/20 Timer 05:00
1 Play Today
% Correct
Jerry Rice
89.6%
Troy Aikman
89.4%
André The Giant
83.8%
Patrick Ewing
83.7%
Shaquille O'Neal
82.9%
Wayne Gretzky
82.4%
Ndamukong Suh
80.8%
Sidney Crosby
80.1%
Dirk Nowitzki
79.7%
Jeff Gordon
78%
% Correct
Rickey Henderson
75.4%
Pete Sampras
71.5%
Tim Lincecum
70.7%
Chris Webber
68%
Ty Cobb
62.6%
Shaun White
61.5%
Michelle Wie
61.1%
George Foreman
58.2%
Joe Carter
57.8%
Earl Campbell
50.6%

You're not logged in!

Compare scores with friends on all Sporcle quizzes.
Join for Free
OR
Log In

You Might Also Like...

Show Comments

Extras

Top Quizzes Today


Score Distribution

Your Account Isn't Verified!

In order to create a playlist on Sporcle, you need to verify the email address you used during registration. Go to your Sporcle Settings to finish the process.

Report this User

Report this user for behavior that violates our Community Guidelines.

Details: